Plumber / (Record no. 785908)
[ view plain ]
| 000 -LEADER | |
|---|---|
| fixed length control field | 00927nam a22002537r 4500 |
| 003 - CONTROL NUMBER IDENTIFIER | |
| control field | 3228 |
| 005 - DATE AND TIME OF LATEST TRANSACTION | |
| control field | 20260612124049.0 |
| 008 - FIXED-LENGTH DATA ELEMENTS--GENERAL INFORMATION | |
| fixed length control field | 250917b sa ao||| |||| 00| 0 eng d |
| 020 ## - INTERNATIONAL STANDARD BOOK NUMBER | |
| International Standard Book Number | 9780639300764 (hardback) |
| 040 ## - CATALOGING SOURCE | |
| Original cataloging agency | MPL |
| Language of cataloging | eng |
| Transcribing agency | 3228 |
| Description conventions | Resource Description and Access |
| 041 ## - LANGUAGE CODE | |
| Language code of text/sound track or separate title | English |
| 082 #0 - DEWEY DECIMAL CLASSIFICATION NUMBER | |
| Classification number | 331.76137 BARN |
| 082 #0 - DEWEY DECIMAL CLASSIFICATION NUMBER | |
| Classification number | J 331.702 BARN |
| 100 ## - MAIN ENTRY--PERSONAL NAME | |
| 9 (RLIN) | 196598 |
| Personal name | Barnes, Lynn |
| Relator term | author |
| 245 ## - TITLE STATEMENT | |
| Title | Plumber / |
| Statement of responsibility, etc. | Lynn Barnes |
| 250 ## - EDITION STATEMENT | |
| Edition statement | First edition |
| 260 ## - PUBLICATION, DISTRIBUTION, ETC. | |
| Place of publication, distribution, etc. | Gallo Manor, South Africa : |
| Name of publisher, distributor, etc. | Awareness Publishing Group , |
| Date of publication, distribution, etc. | ©2021, |
| -- | 2021. |
| 300 ## - PHYSICAL DESCRIPTION | |
| Extent | 25 pages : |
| Other physical details | illustrations ; photographs |
| Dimensions | 21 cm |
| Type of unit | Box |
| Size of unit | 22 cm x 22 cm x 10 cm |
| 490 ## - SERIES STATEMENT | |
| Series statement | Discover your career |
| International Standard Serial Number | 9780639300719 |
| 500 ## - GENERAL NOTE | |
| General note | Issued in slipcase with other titles in series; one poster included in this series<br/>Includes glossary |
| 650 #0 - SUBJECT ADDED ENTRY--TOPICAL TERM | |
| 9 (RLIN) | 196608 |
| Topical term or geographic name entry element | Plumbers Juvenile literature |
| 650 #0 - SUBJECT ADDED ENTRY--TOPICAL TERM | |
| 9 (RLIN) | 199860 |
| Topical term or geographic name entry element | Plumbing |
| General subdivision | Vocational guidance |
| 942 ## - ADDED ENTRY ELEMENTS | |
| Source of classification or shelving scheme | Dewey Decimal Classification |
| item type | Books |
| Edition | DDC23 |
| -- | 296 |
| -- | Phillipina Naude |
| Withdrawn status | Lost status | Source of classification or shelving scheme | Damaged status | Not for loan | Collection code | Home library | Current library | Shelving location | Date acquired | Total Checkouts | Full call number | Barcode | Date last seen | Price effective from | item type | Cost, normal purchase price | Coded location qualifier | Public note |
|---|---|---|---|---|---|---|---|---|---|---|---|---|---|---|---|---|---|---|
| Dewey Decimal Classification | 300: Social Science | Standerton Regional Library | Balfour | Children's Area | 23.09.2025 | J 371.426896 BARN | 3322803187934 | 23.09.2025 | 23.09.2025 | Book | 215.50 | |||||||
| Dewey Decimal Classification | 300: Social Science | Standerton Regional Library | Bethal | Children's Area | 22.06.2026 | J 371.426896 BARN | 3228200045267 | 22.06.2026 | 22.06.2026 | Book | ||||||||
| Dewey Decimal Classification | 600: Technology & Applied Science | MBOMBELA REGIONAL LIBRARY | Hazyview | Non Fiction | 07.11.2025 | 696.023 BARN | 3228200043668 | 07.11.2025 | 07.11.2025 | Book | 215.50 | |||||||
| Dewey Decimal Classification | 300: Social Science | MBOMBELA REGIONAL LIBRARY | Kabokweni | Non Fiction | 12.11.2025 | J 331.76137 BARN | 3228200051494 | 12.11.2025 | 12.11.2025 | Book | 215.50 | 3322803112 | ||||||
| Dewey Decimal Classification | 300: Social Science | MBOMBELA REGIONAL LIBRARY | Kabokweni | Non Fiction | 12.11.2025 | J 331.76137 BARN | 3228200051484 | 12.11.2025 | 12.11.2025 | Book | 215.50 | |||||||
| Dewey Decimal Classification | 300: Social Science | Klarinet PL (MMID-PLEM-KLAR) | Klarinet PL (MMID-PLEM-KLAR) | Non Fiction | 12.06.2026 | J 331.702 BARN | 3228200028173 | 12.06.2026 | 12.06.2026 | Books | 785908 | |||||||
| Dewey Decimal Classification | 300: Social Science | KWAMHLANGA REGIONAL LIBRARY | LOOPSPRUIT | Children's Area | 25.09.2025 | J 331.76137 BARN | 33228031083627 | 25.09.2025 | 25.09.2025 | Book | ||||||||
| Dewey Decimal Classification | 300: Social Science | Standerton Regional Library | Nthoroane | Children's Area | 22.06.2026 | J 371.426896 BARN | 3228200045230 | 22.06.2026 | 22.06.2026 | Book | ||||||||
| Dewey Decimal Classification | 300: Social Science | KWAMHLANGA REGIONAL LIBRARY | PHUMULA | Non Fiction | 17.09.2025 | 331.76137 BARN | 33228031084137 | 17.09.2025 | 17.09.2025 | Book | ||||||||
| Dewey Decimal Classification | 300: Social Science | KWAMHLANGA REGIONAL LIBRARY | THEMBISILE HANI Public Library 24 | Non Fiction | 09.02.2026 | J 331.76137 BARN | 33228031084074 | 09.02.2026 | 09.02.2026 | Book | ||||||||
| Dewey Decimal Classification | 300: Social Science | KWAMHLANGA REGIONAL LIBRARY | VERENA | Children's Area | 28.01.2026 | J 331.76137 BARN | 3322830002031 | 28.01.2026 | 28.01.2026 | Book | ||||||||
| Dewey Decimal Classification | 300: Social Science | KWAMHLANGA REGIONAL LIBRARY | ZITHABISENI(BOEKENHOETHOEK) | Non Fiction | 30.09.2025 | 331.76137 BARN | 33228031083787 | 30.09.2025 | 30.09.2025 | Book | ||||||||
| Dewey Decimal Classification | 300: Social Science | KWAMHLANGA REGIONAL LIBRARY | ZITHABISENI(BOEKENHOETHOEK) | Non Fiction | 30.09.2025 | 331.76137 BARN | 33228031083797 | 30.09.2025 | 30.09.2025 | Book | 349.50 | |||||||
| Dewey Decimal Classification | 300: Social Science | KWAMHLANGA REGIONAL LIBRARY | ZITHABISENI(BOEKENHOETHOEK) | Non Fiction | 30.09.2025 | 331.76137 BARN | 33228031083748 | 30.09.2025 | 30.09.2025 | Book |